| 000 | 00411nam a2200181Ia 4500 | ||
|---|---|---|---|
| 001 | 3654 | ||
| 005 | 20260306145659.0 | ||
| 008 | 260306t1991||||xx |||||||||||||| ||spa|| | ||
| 041 | _aESP | ||
| 082 |
_a301 _bL64 |
||
| 100 |
_aLight, Donald, 1942- _eAUT |
||
| 245 | 0 | _aSociologĂa | |
| 260 | _c1991 | ||
| 300 |
_axviii, 703 páginas : _c28 cm. |
||
| 650 | _aGEN | ||
| 654 | _aCHU | ||
| 942 |
_cLIB _dJUS _fJUS _2ddc _n |
||
| 999 |
_c3654 _d3654 |
||